| 000 | 00567nam a2200181Ia 4500 | ||
|---|---|---|---|
| 003 | SGT | ||
| 020 | _a9788131727003 | ||
| 082 |
_a621.3815 _bBOY |
||
| 100 | _aBoylestad, Robert L. | ||
| 245 | _aElectronic devices and circuit theory | ||
| 250 | _a10th . Ed. | ||
| 260 |
_bPearson _aN.Delhi _c2009 |
||
| 300 | _a892p. | ||
| 650 | _aELECTRONICS ENGINEERING | ||
| 653 | _aSEMICONDUCTOR DIODES, DIODE APPLICATIONS, BIPOLAR JUNCTION TRANSISTORS, DC BIASING-BJTS, BJT AC ANALYSIS, FIELD-EFFECT TRANSISTORS, FET BAISING | ||
| 700 | _aNashesky,Louis | ||
| 942 |
_2ddc _cBK _01 |
||
| 999 |
_c5197 _d5197 |
||